[Event "Titled Tuesday intern op 12th May"]
[Site "Chess.com INT"]
[Date "2020.05.12"]
[Round "3"]
[White "Duong, Bach"]
[Black "Rohith Krishna, Sudhahar"]
[Result "0-1"]
[WhiteElo "2263"]
[BlackElo "2687"]
[PlyCount "122"]
[EventDate "2020.05.12"]
[EventType "swiss (blitz)"]
[EventRounds "10"]
[EventCountry "USA"]
[SourceTitle "EXT 2021"]
[Source "ChessBase"]
[SourceDate "2020.10.23"]
[SourceVersion "1"]
[SourceVersionDate "2020.10.23"]
[SourceQuality "1"]

1. d4 Nf6 2. c4 e6 3. Nc3 Be7 4. e4 d6 5. Nf3 0-0 6. Bd3 b6 7. 0-0 Bb7 8. Qc2 h6 9. h3 Nc6 10. a3 Nd7 11. Be3 Bf6 12. Rad1 Qe7 13. Rfe1 Rfd8 14. Bf1 Qf8 15. Nh2 e5 16. d5 Ne7 17. Ne2 Bg5 18. Bxg5 hxg5 19. Ng3 f6 20. Be2 a5 21. b4 Bc8 22. Bg4 g6 23. Be6+ Kh7 24. Ra1 Qg7 25. Nf3 Nf8 26. Bxc8 Rdxc8 27. c5 Nd7 28. c6 Nf8 29. Reb1 Qf7 30. a4 Kg7 31. Nd2 f5 32. f3 g4 33. hxg4 fxg4 34. b5 Qf4 35. Kf2 Nh7 36. Qc3 Ng5 37. Qe3 Rf8 38. Rh1 Rf7 39. Qxf4 Rxf4 40. Ne2 Rf6 41. Ke3 Raf8 42. Raf1 Ng8 43. f4 Nf7 44. g3 Ngh6 45. Rf2 Re8 46. Rfh2 Re7 47. Rf2 exf4+ 48. gxf4 g3 49. Nxg3 Ng4+ 50. Kf3 Nxf2 51. Kxf2 Rxf4+ 52. Ke3 Rg4 53. Kf3 Ne5+ 54. Kf2 Rf7+ 55. Kg2 Nd3 56. Rf1 Rxf1 57. Ndxf1 Rf4 58. Kg1 Rf2 59. Nh2 Ra2 60. Ng4 Rxa4 61. Ne2 Rxe4 0-1

[Event "Titled Tuesday intern op 12th May"]
[Site "Chess.com INT"]
[Date "2020.05.12"]
[Round "10"]
[White "Grunberg, Mihai Lucian"]
[Black "Rohith Krishna, Sudhahar"]
[Result "0-1"]
[WhiteElo "2401"]
[BlackElo "2662"]
[PlyCount "122"]
[EventDate "2020.05.12"]
[EventType "swiss (blitz)"]
[EventRounds "10"]
[EventCountry "USA"]
[SourceTitle "EXT 2021"]
[Source "ChessBase"]
[SourceDate "2020.10.23"]
[SourceVersion "1"]
[SourceVersionDate "2020.10.23"]
[SourceQuality "1"]

1. Nf3 e6 2. c4 d5 3. g3 Nf6 4. Bg2 dxc4 5. 0-0 Be7 6. Qa4+ c6 7. Qxc4 0-0 8. a4 Nbd7 9. d4 Rb8 10. Bf4 Ra8 11. Nc3 Nd5 12. e4 Nxf4 13. gxf4 Nf6 14. Ne5 Nh5 15. Ne2 Bd6 16. Qc3 Qh4 17. Qh3 Qxh3 18. Bxh3 f5 19. f3 g6 20. a5 Rb8 21. Rac1 a6 22. Bg2 Bb4 23. Nc4 Bd7 24. Rcd1 c5 25. d5 Bb5 26. b3 exd5 27. Rxd5 Rbe8 28. e5 Bc6 29. Rd6 Ng7 30. Nc1 Bc3 31. Ne2 Bb4 32. Nc1 Ne6 33. Nd3 Bc3 34. Kf2 Bd4+ 35. Kg3 Nc7 36. h4 Nb5 37. Rf6 Rxf6 38. exf6 Bxf6 39. Nxc5 Nd4 40. Rd1 Ne2+ 41. Kh2 Nxf4 42. Nd7 Bxh4 43. Nde5 Bf6 44. Nxc6 bxc6 45. Rd6 Bg5 46. Bf1 Re1 47. Kg1 Nh3+ 48. Kg2 Nf4+ 49. Kg1 Ra1 50. Rxc6 Ne2+ 51. Kf2 Nd4 52. Rxa6 Ra2+ 53. Kg3 Kg7 54. Rd6 Nxb3 55. a6 Nc5 56. Ne5 Ra4 57. Bb5 Bf4+ 58. Kg2 Ra2+ 59. Kg1 Bxe5 60. Rd5 Bf4 61. Kf1 Nxa6 0-1

[Event "Titled Tuesday intern op 12th May"]
[Site "Chess.com INT"]
[Date "2020.05.12"]
[Round "4"]
[White "Rohith Krishna, Sudhahar"]
[Black "Van Foreest, Jorden"]
[Result "0-1"]
[WhiteElo "2683"]
[BlackElo "2682"]
[PlyCount "116"]
[EventDate "2020.05.12"]
[EventType "swiss (blitz)"]
[EventRounds "10"]
[EventCountry "USA"]
[SourceTitle "EXT 2021"]
[Source "ChessBase"]
[SourceDate "2020.10.23"]
[SourceVersion "1"]
[SourceVersionDate "2020.10.23"]
[SourceQuality "1"]

1. Nf3 d5 2. g3 g6 3. Bg2 Bg7 4. d4 Nf6 5. 0-0 0-0 6. c4 c6 7. b3 a5 8. Nc3 Bf5 9. Bb2 Ne4 10. cxd5 cxd5 11. Nb5 Nc6 12. e3 Qd7 13. a4 Bg4 14. Ba3 Rac8 15. Qe1 Rfe8 16. Nd2 Ng5 17. f3 Bh3 18. f4 Bxg2 19. Kxg2 Ne4 20. Nxe4 dxe4 21. Rc1 h5 22. Qe2 Bf8 23. f5 Nb4 24. Bxb4 axb4 25. fxg6 fxg6 26. Rc4 Bh6 27. Qc2 Rxc4 28. bxc4 Rf8 29. Qxe4 Kh7 30. Rb1 e5 31. d5 h4 32. Qxh4 Qf5 33. e4 Qf3+ 34. Kh3 Qd3 35. Re1 Rf1 36. Qe7+ Bg7 37. Qh4+ Kg8 38. Qd8+ Bf8 39. Qg5 Kh7 40. Qh4+ Kg7 41. Rxf1 Qxf1+ 42. Kg4 b3 43. Qg5 b2 44. Qxe5+ Qf6 45. Qxf6+ Kxf6 46. Nc3 Ke5 47. Kf3 Kd4 48. Nb1 Kd3 49. d6 Bxd6 50. e5 Bxe5 51. c5 Bd4 52. c6 bxc6 53. a5 c5 54. a6 c4 55. Na3 c3 56. Nb5 b1Q 57. Nxd4 Kxd4 58. a7 Qe4+ 0-1

[Event "Titled Tuesday intern op 14th April"]
[Site "Chess.com INT"]
[Date "2020.04.14"]
[Round "3"]
[White "Kakabayaev, Mergen"]
[Black "Rohith Krishna, Sudhahar"]
[Result "1-0"]
[WhiteElo "2285"]
[BlackElo "2694"]
[PlyCount "80"]
[EventDate "2020.04.14"]
[EventType "swiss (blitz)"]
[EventRounds "10"]
[EventCountry "USA"]
[SourceTitle "EXT 2021"]
[Source "ChessBase"]
[SourceDate "2020.10.23"]
[SourceVersion "1"]
[SourceVersionDate "2020.10.23"]
[SourceQuality "1"]

1. e4 e5 2. Nf3 Nc6 3. Bb5 a6 4. Ba4 Nf6 5. 0-0 Be7 6. Re1 b5 7. Bb3 d6 8. c3 Na5 9. Bc2 c5 10. h3 0-0 11. d4 Qc7 12. Nbd2 Re8 13. d5 c4 14. Nf1 Bf8 15. Ng3 g6 16. Bd2 Bg7 17. b4 Nb7 18. a4 Bd7 19. Nh2 a5 20. axb5 axb4 21. cxb4 Bxb5 22. Bc3 Nd7 23. h4 Nb6 24. Qf3 Qe7 25. h5 Na4 26. Bxa4 Bxa4 27. Ng4 Bd7 28. Ne3 Bb5 29. Ng4 Qh4 30. Rxa8 Rxa8 31. Ra1 Rxa1+ 32. Bxa1 Nd8 33. Bc3 Qg5 34. Ne3 f6 35. Bd2 Qh4 36. Nef5 gxf5 37. Nxf5 c3 38. Bc1 Bh6 39. Bxh6 c2 40. Nxh4 c1Q+ 1-0

[Event "Titled Tuesday intern op 14th April"]
[Site "Chess.com INT"]
[Date "2020.04.14"]
[Round "9"]
[White "Rohith Krishna, Sudhahar"]
[Black "Sirosh, Ilja"]
[Result "0-1"]
[WhiteElo "2675"]
[BlackElo "2405"]
[PlyCount "106"]
[EventDate "2020.04.14"]
[EventType "swiss (blitz)"]
[EventRounds "10"]
[EventCountry "USA"]
[SourceTitle "EXT 2021"]
[Source "ChessBase"]
[SourceDate "2020.10.23"]
[SourceVersion "1"]
[SourceVersionDate "2020.10.23"]
[SourceQuality "1"]

1. e4 g6 2. Bc4 Bg7 3. Qf3 e6 4. Ne2 Ne7 5. d4 d5 6. Bd3 dxe4 7. Bxe4 Nbc6 8. c3 0-0 9. 0-0 e5 10. d5 f5 11. dxc6 fxe4 12. Qxe4 Nxc6 13. Ng3 Bf5 14. Qc4+ Kh8 15. Be3 Bd3 16. Qb3 Bxf1 17. Nxf1 b6 18. Nbd2 Qd3 19. Qa4 Ne7 20. Rd1 Rad8 21. Bg5 Bf6 22. Bxf6+ Rxf6 23. Ne3 Qe2 24. Ne4 Rxd1+ 25. Qxd1 Qxd1+ 26. Nxd1 Rf8 27. f3 Rd8 28. Ne3 Nf5 29. Nc4 Nd6 30. Nxe5 Kg7 31. Nc6 Re8 32. Nxd6 cxd6 33. Kf1 Rc8 34. Nd4 a6 35. Ke2 Kf6 36. Kd3 Ke5 37. g3 g5 38. Ne2 d5 39. Nd4 h5 40. Ke3 h4 41. f4+ gxf4+ 42. gxf4+ Kf6 43. Nf3 h3 44. Ng5 Kf5 45. Kf3 d4 46. cxd4 Rc2 47. Nxh3 Rxb2 48. Nf2 Rxa2 49. Ke3 b5 50. d5 b4 51. Nd3 b3 52. d6 Ke6 53. f5+ Kxd6 0-1

[Event "Titled Tuesday intern op 2nd Febr"]
[Site "Chess.com INT"]
[Date "2019.02.05"]
[Round "8"]
[White "Kamsky, Gata"]
[Black "Rohith Krishna, Sudhahar"]
[Result "1-0"]
[WhiteElo "2666"]
[BlackElo "2572"]
[PlyCount "109"]
[EventDate "2019.02.05"]
[EventType "swiss (blitz)"]
[EventRounds "10"]
[EventCountry "USA"]
[SourceTitle "EXT 2021"]
[Source "ChessBase"]
[SourceDate "2020.10.23"]
[SourceVersion "1"]
[SourceVersionDate "2020.10.23"]
[SourceQuality "1"]

1. d4 d5 2. Nf3 Nf6 3. Bf4 Bf5 4. e3 e6 5. c4 c6 6. Nc3 h6 7. Qb3 Qd7 8. h3 Bd6 9. Bxd6 Qxd6 10. Qxb7 0-0 11. c5 Qd7 12. Qxd7 Nbxd7 13. Be2 Rfb8 14. b3 a5 15. 0-0 Ne4 16. Na4 f6 17. Rfc1 e5 18. Nh4 Be6 19. Bg4 Kf7 20. f3 Ng3 21. Kf2 f5 22. Kxg3 fxg4 23. fxg4 exd4 24. exd4 Rb4 25. Rf1+ Kg8 26. Rad1 Nf6 27. Ng6 Ra7 28. Ne5 Rc7 29. Kf4 Bc8 30. Ke3 Ba6 31. Rf3 Bb5 32. Nc3 a4 33. bxa4 Bxa4 34. Rb1 Rxb1 35. Nxb1 Ne4 36. Nd2 Nc3 37. Kf2 Nb5 38. Ke3 Nc3 39. a3 Rb7 40. Rf1 Nd1+ 41. Ke2 Nc3+ 42. Kf3 Rb2 43. Ke3 Ra2 44. Nef3 Rxa3 45. Kf4 Ne2+ 46. Ke5 Bb5 47. Re1 Nc3 48. Kd6 Ne2 49. h4 Nf4 50. Re8+ Kh7 51. h5 Rd3 52. g3 Nh3 53. Ne5 Rxd2 54. Ng6 Ng5 55. Rh8# 1-0

[Event "Titled Tuesday intern op 2nd Febr"]
[Site "Chess.com INT"]
[Date "2019.02.05"]
[Round "6"]
[White "Rohith Krishna, Sudhahar"]
[Black "Jones, Gawain C B"]
[Result "0-1"]
[WhiteElo "2567"]
[BlackElo "2689"]
[PlyCount "100"]
[EventDate "2019.02.05"]
[EventType "swiss (blitz)"]
[EventRounds "10"]
[EventCountry "USA"]
[SourceTitle "EXT 2021"]
[Source "ChessBase"]
[SourceDate "2020.10.23"]
[SourceVersion "1"]
[SourceVersionDate "2020.10.23"]
[SourceQuality "1"]

1. Nf3 g6 2. g3 b6 3. Bg2 Bb7 4. 0-0 c5 5. b3 Bg7 6. Nc3 d5 7. d4 cxd4 8. Nxd4 e5 9. Nf3 d4 10. Nb5 a6 11. Na3 e4 12. Ng5 Nf6 13. Bb2 h6 14. Nh3 Nc6 15. e3 dxe3 16. fxe3 Qe7 17. Nc4 Rd8 18. Qe2 b5 19. Nd2 0-0 20. Rad1 Nb4 21. Ba3 Nfd5 22. Nxe4 Qc7 23. c4 Qa5 24. cxd5 Qxa3 25. d6 Qxa2 26. Qxa2 Nxa2 27. Nf6+ Bxf6 28. Rxf6 Nc3 29. Rd4 Ne2+ 30. Kf2 Nxd4 31. Bxb7 Nf5 32. Bxa6 Rxd6 33. Rxd6 Nxd6 34. e4 Nxe4+ 35. Ke3 Nd6 36. Kd4 Ra8 37. Kc5 Rxa6 38. Nf4 Ne4+ 39. Kxb5 Ra2 40. b4 Rxh2 41. Kc6 Nxg3 42. b5 Rc2+ 43. Kd5 Rb2 44. Kc6 Nf5 45. b6 Nd4+ 46. Kc7 Ne6+ 47. Nxe6 fxe6 48. b7 e5 49. b8Q+ Rxb8 50. Kxb8 e4 0-1

[Event "Titled Tuesday intern op 2nd Febr"]
[Site "Chess.com INT"]
[Date "2019.02.05"]
[Round "2"]
[White "Rohith Krishna, Sudhahar"]
[Black "Van Foreest, Lucas"]
[Result "1/2-1/2"]
[WhiteElo "2548"]
[BlackElo "2511"]
[PlyCount "58"]
[EventDate "2019.02.05"]
[EventType "swiss (blitz)"]
[EventRounds "10"]
[EventCountry "USA"]
[SourceTitle "EXT 2021"]
[Source "ChessBase"]
[SourceDate "2020.10.23"]
[SourceVersion "1"]
[SourceVersionDate "2020.10.23"]
[SourceQuality "1"]

1. Nf3 d5 2. g3 Nf6 3. Bg2 e6 4. 0-0 Be7 5. d4 0-0 6. c4 dxc4 7. Ne5 Nc6 8. Nxc6 bxc6 9. e3 Rb8 10. Nc3 c5 11. dxc5 Bxc5 12. Qe2 Ba6 13. Rd1 Qe7 14. e4 Nd7 15. e5 Nb6 16. Qh5 Bb7 17. Bg5 f6 18. exf6 gxf6 19. Bh6 Rfe8 20. Ne4 Bxe4 21. Bxe4 f5 22. Bc6 Red8 23. Bf4 Rxd1+ 24. Rxd1 Bd6 25. Bg5 Qf7 26. Qh4 Qg6 27. Bf3 Nd7 28. Qxc4 Ne5 29. Qf4 Qxg5 1/2-1/2